Most Corrupt Countries 2021 - Statistics

General Stats
  • This quiz has been taken 12 times
  • The average score is 4 of 10
Answer Stats
Place Answer % Correct
5 Russia
82%
4 Brazil
64%
2 Colombia
64%
1 Iraq
45%
3 Mexico
45%
10 Azerbaijan
36%
6 Guatemala
36%
7 Kazakhstan
27%
8 Lebanon
27%
9 El Salvador
18%
No matching quizzes found
Score Distribution
Percent of People with Each Score
Percentile by Number Answered
Your Score History
You have not taken this quiz